Postcolonial theory : (Record no. 4775)

MARC details
000 -LEADER
fixed length control field 01379cam a2200169 4500
001 - CONTROL NUMBER
control field 5660
010 ## - LIBRARY OF CONGRESS CONTROL NUMBER
LC control number 97032402
020 ## - INTERNATIONAL STANDARD BOOK NUMBER
International Standard Book Number 9780195647617
100 1# - MAIN ENTRY--PERSONAL NAME
Personal name Gandhi, Leela,
Dates associated with a name 1966-
245 10 - TITLE STATEMENT
Title Postcolonial theory :
Remainder of title a critical introduction /
Statement of responsibility, etc. Leela Gandhi.
260 ## - PUBLICATION, DISTRIBUTION, ETC.
Place of publication, distribution, etc. New Delhi :
Name of publisher, distributor, etc. Oxford University Press,
Date of publication, distribution, etc. c1998, 1999.
300 ## - PHYSICAL DESCRIPTION
Extent x, 200 p. :
Other physical details ill. ;
Dimensions 22 cm.
504 ## - BIBLIOGRAPHY, ETC. NOTE
Bibliography, etc. note Includes bibliographical references (p. 177-188) and index.
505 0# - FORMATTED CONTENTS NOTE
Formatted contents note After colonialism -- Thinking otherwise: a brief intellectual history -- Postcolonialism and the new humanities -- Edward Said and his critics -- Postcolonialism and feminism -- Immagining community: the question of nationalism -- One world: the vision of postnationalism -- Postcolonial literatures -- The limits of postcolonial theory.
520 ## - SUMMARY, ETC.
Summary, etc. Postcolonial Theory is a critical introduction to the burgeoning field of postcolonial studies. Leela Gandhi is the first to clearly map out this field in terms of its wider philosophical and intellectual context, drawing important connections between postcolonial theory and poststructuralism, postmodernism, marxism and feminism. She assesses the contribution of major theorists such as Edward Said, Gayatri Spivak and Homi Bhabha, and also points to postcolonialism's relationship to earlier thinkers such as Frantz Fanon and Mahatma Gandhi.
650 #0 - SUBJECT ADDED ENTRY--TOPICAL TERM
Topical term or geographic name entry element Postcolonialism.
Holdings
Withdrawn status Lost status Source of classification or shelving scheme Damaged status Not for loan Collection code Home library Current library Shelving location Date acquired Serial Enumeration / chronology Inventory number Total Checkouts Full call number Barcode Date last seen Price effective from Koha item type
    Dewey Decimal Classification     Main TEST RTC Library RTC Library Main opac 27/11/2018 8977   320.904 GAN 30009138 27/11/2018 27/11/2018 Main
Royal Thimphu College || All Right Reserved